| 000 | 004300000a22001690004500 | ||
|---|---|---|---|
| 003 | MACL | ||
| 005 | 20160109122507.0 | ||
| 008 | 160109b xxu||||| |||| 00| 0 eng d | ||
| 040 |
_aMACL _cMACL |
||
| 041 | _aEnglish | ||
| 082 | _a920/KOS | ||
| 100 |
_aKosmodemynsky _930259 |
||
| 245 | _aKonstantin Tsiolkovsky | ||
| 260 |
_bForeign Languages Publishing House _aMoscow |
||
| 650 |
_aBiography _930260 |
||
| 942 |
_cBK _k920/Kos _2ddc |
||
| 999 |
_c35001 _d35001 |
||